Artificial intelligence: a guide to intelligent systems (Record no. 116011)

MARC details
000 -LEADER
fixed length control field 00264 a2200109 4500
020 ## - INTERNATIONAL STANDARD BOOK NUMBER
International Standard Book Number 9789353946791
100 ## - MAIN ENTRY--PERSONAL NAME
Personal name Michael Negnevitsky
245 ## - TITLE STATEMENT
Title Artificial intelligence: a guide to intelligent systems
250 ## - EDITION STATEMENT
Edition statement 3rd
260 ## - PUBLICATION, DISTRIBUTION, ETC. (IMPRINT)
Name of publisher, distributor, etc Pearson
Date of publication, distribution, etc 2020
942 ## - ADDED ENTRY ELEMENTS (KOHA)
Koha item type On order/under processing
Holdings
Withdrawn status Lost status Damaged status Not for loan Home library Current library Date acquired Source of acquisition Cost, normal purchase price Total Checkouts Barcode Date last seen Cost, replacement price Price effective from Koha item type
        University Library University Library 18/03/2026 146 784.00   00098085 18/03/2026 980.00 18/03/2026 On order/under processing
University Library, CUSAT